Jungle song / Miriam Moss ; illustrated by ... Read More
Available copies
- 0 of 1 copy available at LARL/NWRL Consortium.
- 0 of 1 copy available at Lake Agassiz Regional Library. (Show preferred library)
Current holds
1 current hold with 1 total copy.
Show Only Available Copies
| Location | Call Number / Copy Notes | Barcode | Shelving Location | Status | Due Date |
|---|---|---|---|---|---|
| Moorhead Public Library | E M (Text) | 33500009238130 | Main | On holds shelf | - |
Record details
- ISBN: 9781845070397
- ISBN: 1845070399 :
- Physical Description: 1 v. (unpaged) : chiefly col. ill. ; 28 cm.
- Publisher: London : Frances Lincoln Children's, 2004.
Search for related items by subject
| Subject: | Jungle animals > Pictorial works > Juvenile fiction. Tapirs > Pictorial works > Juvenile fiction. |
| Genre: | Children's stories > Pictorial works. |
| LDR | 02217cam a22004098a 4500 | ||
|---|---|---|---|
| 001 | 55267 | ||
| 003 | LARL_NWRL_CONSORTIUM | ||
| 005 | 20050107124636.0 | ||
| 008 | 040323s2004 enk j 000 1 eng | ||
| 015 | . | ‡aGBA4-X9912 | |
| 020 | . | ‡a9781845070397 | |
| 020 | . | ‡a1845070399 : ‡c£10.99 | |
| 035 | . | ‡a(OCoLC)798670709 ‡z(OCoLC)56456946 | |
| 040 | . | ‡aUKM ‡cUKM ‡dDPL | |
| 100 | 1 | . | ‡aMoss, Miriam. ‡0(LARL_NWRL_CONSORTIUM)88975 |
| 245 | 1 | 0. | ‡aJungle song / ‡cMiriam Moss ; illustrated by Adrienne Kennaway. |
| 260 | . | ‡aLondon : ‡bFrances Lincoln Children's, ‡c2004. | |
| 300 | . | ‡a1 v. (unpaged) : ‡bchiefly col. ill. ; ‡c28 cm. | |
| 650 | 0. | ‡aJungle animals ‡vPictorial works ‡vJuvenile fiction. | |
| 650 | 0. | ‡aTapirs ‡vPictorial works ‡vJuvenile fiction. | |
| 655 | 0. | ‡aChildren's stories ‡vPictorial works. | |
| 700 | 1 | . | ‡aKennaway, Adrienne, ‡d1945- ‡0(LARL_NWRL_CONSORTIUM)46027 |
| 901 | . | ‡a55267 ‡bOCLC ‡c55267 ‡tbiblio | |

Add to basket
Permalink
Disable Highlighting